000 00856nab a2200253 u 4500
001 21030
003 HDC
007 cr bn ---aaaaa
008 210307c |r|noo 0 a d
040 _aHDC
100 _aQuratul-Ain Bandial,
_eauthor
_910654
245 0 _aPHILIPPINES EYES COOPERATION IN HALAL SECTOR /
_cby Quratul-Ain Bandial
260 _a[No place] :
_b[publisher not identified],
_c2016
336 _atext
_2rdacontent
337 _acomputer
_2rdamedia
338 _aonline resource
_2rdacarrier
650 _aCooperation
_913972
650 _aHalal sector
_94858
710 _aTHE BRUNEI TIMES
856 _zRequest full-text at [email protected]
942 _2lcc
942 _cNEWS
942 _kNWSO 010143
999 _c18346
_d18346